Top Cities by Category #2 - Statistics

General Stats
  • This quiz has been taken 49 times
    43 since last reset
  • The average score is 18 of 40
Answer Stats
Hint Answer % Correct
Most Christians New York City
82%
Northernmost Helsinki
73%
Most Liveable Helsinki
73%
Northernmost Oslo
73%
Northernmost Stockholm
73%
Most Liveable Stockholm
73%
Southernmost Auckland
64%
Southernmost Buenos Aires
61%
Southernmost Melbourne
61%
Most Liveable Melbourne
61%
Highest % Of Country Pop. (City Proper) Santiago
61%
Most Liveable Copenhagen
58%
Northernmost St. Petersburg
58%
Most Christians Mexico CIty
55%
Southernmost Montevideo
55%
Highest % Of Country Pop. (City Proper) Montevideo
55%
Highest % Of Country Pop. (Urban Area) Montevideo
55%
Most Christians Sao Paulo
55%
Most Liveable Tokyo
55%
Most Christians Johannesburg
48%
Coldest Ulaanbaatar
48%
Highest % Of Country Pop. (Urban Area) Ulaanbaatar
48%
Southernmost Adelaide
42%
Most Christians Lagos
42%
Highest % Of Country Pop. (City Proper) Singapore
42%
Highest % Of Country Pop. (Urban Area) Singapore
42%
Coldest Novosibirsk
30%
Coldest Edmonton
27%
Highest % Of Country Pop. (Urban Area) Kuwait City
27%
Coldest Astana
24%
Northernmost Glasgow
24%
Hottest Phoenix
24%
Hottest Las Vegas
21%
Hottest Bangkok
18%
Hottest Kuala Lumpur
18%
Hottest Hong Kong
15%
Highest % Of Country Pop. (Urban Area) Tel-Aviv
15%
Coldest Harbin
12%
Highest % Of Country Pop. (City Proper) Brazzaville
0%
Highest % Of Country Pop. (City Proper) Yerevan
0%
No matching quizzes found
Score Distribution
Percent of People with Each Score
Percentile by Number Answered
Your Score History
You have not taken this quiz since the last reset